Sijill al-thaqafah.

محفوظ في:

مؤلفون مشاركون: Egypt. Idārat al-Sijill al-Thaqāfī., Egypt. Wizārat al-Thaqāfah.

التنسيق: كتاب

اللغة: Arabic

منشور في: [Cairo] : Idarat al-Sijill al-Thaqafi, 1972.

الموضوعات:

الوسوم: إضافة وسم

لا توجد وسوم, كن أول من يضع وسما على هذه التسجيلة!

رقم الطلب: DT43 .S54 1972

LEADER 00859namaa2200253 4500
001 12619
003 OSt
005 20230503071405.0
008 130303c19uu9999ua a 000 0 ara d
952 |0 0  |1 0  |2 lcc  |4 0  |6 DT0043 S54 01972  |7 1  |9 47179  |a ARCE  |b ARCE  |d 2023-05-03  |l 0  |o DT43 .S54 1972  |r 2023-05-03 00:00:00  |w 2023-05-03  |y BK 
999 |c 12823  |d 12823 
040 |c ARCE Library 
050 4 |a DT43 .S54 1972 
245 0 0 |6 880-02  |a Sijill al-thaqafah. 
264 1 |a [Cairo] :  |b Idarat al-Sijill al-Thaqafi,   |c 1972. 
300 |a volumes :   |b ill. ;   |c 28 cm. 
310 |a Annual. 
500 |a Issued by: Wizārat al-Thaqāfah, <1972- > 
610 1 0 |a Egypt   |b Intellectual life   |v Periodicals. 
710 1 |a Egypt.  |b Idārat al-Sijill al-Thaqāfī. 
710 1 |a Egypt.  |b Wizārat al-Thaqāfah. 
880 0 0 |6 880-02  |a سجل الثقافة 
901 |a reviewed 
942 |c BK  |2 lcc